Catálogo

Tu hijo / (Registro nro. 28934)

Detalles MARC
000 -LEADER
fixed length control field 01430cam a2200385 i 4500
001 - CONTROL NUMBER
control field 28934
003 - CONTROL NUMBER IDENTIFIER
control field Mx-PuUPA
005 - DATE AND TIME OF LATEST TRANSACTION
control field 20240410103747.0
008 - FIXED-LENGTH DATA ELEMENTS--GENERAL INFORMATION
fixed length control field 140415s1963 sp a gr 001 0 spa d
017 ## - COPYRIGHT OR LEGAL DEPOSIT NUMBER
Copyright or legal deposit number T.2-1963
040 ## - CATALOGING SOURCE
Original cataloging agency Mx-PuUPA
Language of cataloging spa
Transcribing agency Mx-PuUPA
Modifying agency Mx-PuUPA
Description conventions rda
041 1# - LANGUAGE CODE
Language code of text/sound track or separate title spa
Language code of original eng
100 1# - MAIN ENTRY--PERSONAL NAME
Personal name Spock, Benjamín,
Relator term autor
240 14 - UNIFORM TITLE
Uniform title The common sense book of baby and child care.
Language of a work Español
245 10 - TITLE STATEMENT
Title Tu hijo /
Statement of responsibility, etc. Benjamín Spock ; adaptación española por los doctores A. Ballabriga y J. Obiols ; ilustraciones de Dorothea Fox
250 ## - EDITION STATEMENT
Edition statement Sexta edición
264 #1 - PRODUCTION, PUBLICATION, DISTRIBUTION, MANUFACTURE, AND COPYRIGHT NOTICE
Place of production, publication, distribution, manufacture Madrid, Barcelona :
Name of producer, publisher, distributor, manufacturer Ediciones Daimon Manuel Tamayo,
Date of production, publication, distribution, manufacture, or copyright notice 1963
300 ## - PHYSICAL DESCRIPTION
Extent 502 páginas :
Other physical details ilustraciones ;
Dimensions 21 cm
336 ## - CONTENT TYPE
Fuente rdacontent
Content type term texto
Content type code txt
337 ## - MEDIA TYPE
Source rdamedia
Media type term sin medio
Media type code n
338 ## - CARRIER TYPE
Source rdacarrier
Carrier type term volumen
Carrier type code nc
490 0# - SERIES STATEMENT
Series statement Biblioteca práctica del hogar ;
Volume/sequential designation 2
650 #7 - SUBJECT ADDED ENTRY--TOPICAL TERM
Source of heading or term armarc
Topical term or geographic name entry element Crianza de los hijos
650 #7 - SUBJECT ADDED ENTRY--TOPICAL TERM
Source of heading or term armarc
Topical term or geographic name entry element Cuidado de los niños
650 #7 - SUBJECT ADDED ENTRY--TOPICAL TERM
Source of heading or term armarc
Topical term or geographic name entry element Niños Salud e higiene
650 #7 - SUBJECT ADDED ENTRY--TOPICAL TERM
Source of heading or term armarc
Topical term or geographic name entry element Educación de los niños
650 #7 - SUBJECT ADDED ENTRY--TOPICAL TERM
Source of heading or term armarc
Topical term or geographic name entry element Salud e higiene de los niños
700 1# - ADDED ENTRY--PERSONAL NAME
Personal name Ballabriga, A.,
Relator term traductor
700 1# - ADDED ENTRY--PERSONAL NAME
Personal name Obiols, J.,
Relator term traductor
700 1# - ADDED ENTRY--PERSONAL NAME
Personal name Fox, Dorothea,
Relator term ilustrador
765 08 - ORIGINAL LANGUAGE ENTRY
Main entry heading Spock, Benjamín,
Title The common sense book of baby and child care.
942 ## - ADDED ENTRY ELEMENTS (KOHA)
Source of classification or shelving scheme Dewey Decimal Classification
Koha item type Libro
Classification part 649.1
Item part S762
Existencias
Withdrawn status Lost status Source of classification or shelving scheme Damaged status Not for loan Collection code Home library Current library Shelving location Date acquired Source of acquisition Total Checkouts Full call number Barcode Date last seen Date last checked out Price effective from Koha item type
    Dewey Decimal Classification     General Biblioteca Karol Wojtyla Biblioteca Karol Wojtyla Sala general 03/12/2013 Compra   649.1 S762 1963 50272 05/01/2026 22/05/2015 03/12/2013 Libro